000
00296nam a22001217a 4500
082
_a
894.812.3
_b
PRA/E
100
_a
PRABAKUMAR, T. N
245
_a
ENTE NADIDIKATHAKAL
_b
MY FOLK TALE
260
_a
THIRUVANANTHAPURAM
_b
AARSHASRI
_c
2009
300
_a
416
650
_a
SHORT STORY
_z
KERALA
942
_c
BK
999
_c
1616
_d
1616